| 000 | 01036nas a2200313 4500 | ||
|---|---|---|---|
| 001 | BR8401702 | ||
| 003 | BR-BrBNA | ||
| 005 | 20231205085850.0 | ||
| 007 | ta | ||
| 008 | 230509b bl.|||p| |||| 00| 00por d | ||
| 040 |
_aBR-BrBNA _bpor _cBiblioteca Nacional de Agricultura |
||
| 041 | _a(Pt) | ||
| 072 | _aL00 | ||
| 100 | 1 | _aRibas, N.P. | |
| 100 | 1 | _aMilagres, J.C. | |
| 100 | 1 | _aGarcia, J.A. | |
| 100 | 1 | _aLudwig, A. | |
| 245 | 1 | _aEstudo da producao de leite e gordura em rebanhos holandeses da Bacia leiteira de Castrolanda, estado do Parana [Brasil] | |
| 246 | 1 | _a[Study on milk and fat production of Holstein cattle in dairy region of Castrolanda, state of Parana [Brazil]] | |
| 650 | _aGADO HOLANDES | ||
| 650 | _aLEITE | ||
| 650 | _aGORDURA | ||
| 650 | _aCASTRO | ||
| 650 | _aPARANÁ | ||
| 650 | _aBACIA LEITEIRA | ||
| 773 | 0 |
_tRevista da Sociedade Brasileira de Zootecnia (Brazil) _xISSN 0100-4859 _g(1983), v. 12(4) p. 720-740 _wBR8401702 |
|
| 909 |
_a202311 _bLúcia _c55 _dLúcia Elande |
||
| 942 |
_2AGRIS _n0 _cANA |
||
| 999 |
_c114374 _d114374 |
||